000 01025nmm a2200301 a 4500
001 ocm0002347696
003 TR-IsHL
005 20201028185256.0
008 190906s2018 tu tur
007 cr cn
020 _a9786052022559
035 _a2347696
_b(N$T)
050 0 4 _aPT2653.W42
_b P519 2018
090 0 4 _aPT2653.W42
_b P519 2018
100 1 _aZweig, Stefan
245 1 0 _aOlağanüstü bir gece
_h[electronic resource] /
_cStefan Zweig ; çeviri Önder Aydın ; editör Zeynep Akıncı
260 _aİstanbul :
_bİlgi Kültür Sanat Yayıncılık ,
_c2018
300 _a89 p.
500 _aÖzgün adı : Phantastische nacht
650 4 _aDil ve Edebiyat
650 4 _aLanguage and Literature
650 0 _aAlman edebiyatı
650 0 _aGerman literature
650 7 _aLITERARY COLLECTIONS / European / German
_2bisacsh
700 1 _aAydın, Önder
700 1 _aAkıncı, Zeynep
856 4 0 _uhttp://search.ebscohost.com/login.aspx?direct=true&scope=site&db=e011xww&AN=2347696
999 _c21389
_d21389